Vista normal
Vista MARC
Entrada Topical Term
Número de registros utilizados en: 1
001 - CONTROL NUMBER
- control field: 6497
003 - CONTROL NUMBER IDENTIFIER
- control field: OSt
005 - DATE AND TIME OF LATEST TRANSACTION
- control field: 20200702130046.0
008 - FIXED-LENGTH DATA ELEMENTS
- fixed length control field: 200702|| aca||aabn | a|a d
040 ## - CATALOGING SOURCE
- Original cataloging agency: OSt
- Transcribing agency: OSt
150 ## - HEADING--TOPICAL TERM
- Topical term or geographic name entry element: Evaluaciones especiales
670 ## - SOURCE DATA FOUND
- Source citation: Work cat.: (OSt)5807: Fernández Cadavid, Alberto, autor 6495, La contribucion de Valorizacion en Colombia / , 1981